| 000 | 01087nam a22003493a 4500 | ||
|---|---|---|---|
| 999 |
_c23267 _d23267 |
||
| 001 | vtls000397884 | ||
| 005 | 20220708132714.0 | ||
| 008 | 080912s2008 xo o g nd 000 0 slo d | ||
| 020 | _a9788070908754 (viaz.) | ||
| 035 | _aa000397884 | ||
| 040 |
_aUKB _bslo _cUKB _eAACR2 |
||
| 041 | 0 | _aslo | |
| 044 |
_axo _cSK |
||
| 072 | 7 |
_a061.2 _xMimovládne organizácie a kooperácia _2konspekt |
|
| 080 |
_a061.2 _22004 |
||
| 080 |
_a316.7 _22004 |
||
| 080 |
_a(437.6) _22004 |
||
| 080 |
_a(082.2) _22004 |
||
| 100 | 1 |
_aEliáš, Michal, _d1934- _93176 |
|
| 245 | 1 | 0 |
_aZlatá kniha Matice slovenskej _cMichal Eliáš, Štefan Haviar |
| 260 |
_aMartin _bMatica slovenská _c2008 |
||
| 300 |
_a105 s. _bfot. |
||
| 500 | _aVyd. v spolupr.s Neografiou, a.s. Martin | ||
| 610 | 2 | 7 |
_aMatica slovenská (Martin, Slovensko) _2UKBPH _93177 |
| 650 | 0 | 7 |
_akultúrne inštitúcie a organizácie _zSlovensko _2UKBPH _93178 |
| 653 | _a061.2 | ||
| 653 | _a316.7 | ||
| 653 | _a(437.6) | ||
| 653 | _a(082.2) | ||
| 655 | 7 |
_ajubilejné publikácie _2UKBPH _92323 |
|
| 700 | 1 |
_aHaviar, Štefan _4aut _93179 |
|